[Event "Ch Karelia"]
[Site "masterchessopen.com Petrozavodsk (Russia)"]
[Date "2010.02.21"]
[Round "3"]
[White "Dokutchaev A (RUS)"]
[Black "Sharshutin Sergey M (RUS)"]
[Result "1-0"]
[WhiteElo "2422"]
[BlackElo "2013"]

1.d4 Nf6 2.Nf3 g6 3.c4 Bg7 4.g3 O-O 5.Bg2 d6 6.O-O c6 7.Nc3 Nbd7 8.e4 e5 9.h3
Qb6 10.c5 dxc5 11.dxe5 Ne8 12.Na4 Qc7 13.e6 fxe6 14.Ng5 Qe5 15.Be3 h6 16.f4
Qf6 17.e5 Qe7 18.Ne4 Nc7 19.Naxc5 Nd5 20.Nxd7 Nxe3 21.Qd3 Nxf1 22.Nxf8 Qxf8
23.Rxf1 Qe7 24.Nd6 g5 25.Qg6 {#r} 1-0

[Event "Ch Chess Club"]
[Site "masterchessopen.com Berlin (Germany)"]
[Date "2010.03.24"]
[Round "8"]
[White "Artukovic Adis (GER)"]
[Black "Pelivan Vjekoslav"]
[Result "1-0"]
[WhiteElo "2037"]
[BlackElo "1764"]

1.d4 Nf6 2.Nf3 g6 3.c4 Bg7 4.g3 O-O 5.Bg2 d6 6.O-O Nbd7 7.Nc3 e5 8.e4 c6 9.h3
h6 10.Re1 Kh7 11.Qc2 Ng8 12.Be3 f5 13.exf5 gxf5 14.dxe5 dxe5 15.Rad1 Qf6
16.Nh4 Ne7 17.c5 Kg8 18.Rd6 Qf7 19.Qd2 f4 20.gxf4 exf4 21.Bd4 Nf5 22.Bxg7 Kxg7
23.Rg6+ Qxg6 24.Nxg6 Kxg6 25.Qxf4 Nxc5 26.Qb4 Nd7 27.Qf4 Kh7 28.Qg4 Rf7 29.Be4
Nb6 30.Kh2 Bd7 31.Ne2 {#r} 1-0

[Event "Ch Region"]
[Site "masterchessopen.com Cheliabinsk (Russia)"]
[Date "2010.04.04"]
[Round "9"]
[White "Kukharev Anatoly (RUS)"]
[Black "Pauli Stanislav (RUS)"]
[Result "0-1"]
[WhiteElo "1996"]
[BlackElo "2065"]

1.Nf3 g6 2.d4 Bg7 3.c4 Nf6 4.Nc3 O-O 5.g3 d6 6.Bg2 c6 7.O-O Nbd7 8.e4 e5 9.h3
Nh5 10.Bg5 f6 11.Be3 f5 12.exf5 gxf5 13.dxe5 dxe5 14.Bg5 Qe8 15.Re1 h6 16.Bh4
Qg6 17.Kh2 e4 18.Nd4 Ne5 19.c5 Nd3 20.Nxf5 Bxf5 {#R} 0-1

[Event "Ch Colombia (juniors) (under 20)"]
[Site "masterchessopen.com Bogota (Colombia)"]
[Date "2010.04.15"]
[Round "1"]
[White "Moran Daniel (COL)"]
[Black "Nieto Guillermo Luigui Ubaldo (COL)"]
[Result "1-0"]
[WhiteElo "2117"]
[BlackElo "1815"]

1.Nf3 Nf6 2.c4 g6 3.Nc3 Bg7 4.g3 O-O 5.Bg2 d6 6.d4 Nbd7 7.O-O e5 8.e4 c6 9.h3
Qc7 10.Be3 a6 11.Qc2 b6 12.b4 Bb7 13.dxe5 dxe5 14.Rfd1 Rfd8 15.Rd2 Rac8
16.Rad1 a5 17.bxa5 bxa5 18.c5 Ba6 19.Na4 Re8 20.Nb6 Nxb6 21.cxb6 Qb7 22.Bc5 h5
23.g4 hxg4 24.hxg4 Qa8 25.g5 Nh7 26.Rd7 Rcd8 27.Qb3 Rxd7 28.Rxd7 Re6 29.b7 Qb8
30.Ba7 {#r} 1-0

[Event "Tournament (open)"]
[Site "masterchessopen.com Vilafranca del Penedes (Spain)"]
[Date "2010.04.16"]
[Round "1"]
[White "Baiges Navarro Albert (ESP)"]
[Black "Mateos Lopez Francisco De Borj"]
[Result "1-0"]
[WhiteElo "2139"]
[BlackElo "1716"]

1.d4 Nf6 2.c4 g6 3.g3 Bg7 4.Bg2 d6 5.Nf3 O-O 6.O-O Nbd7 7.Nc3 c6 8.e4 e5 9.h3
Ne8 10.Be3 f5 11.Qd2 Nc7 12.Rad1 Ne6 13.d5 f4 14.dxe6 fxe3 15.Qxd6 exf2+
16.Kh2 Qb6 17.exd7 Rd8 18.Qe6+ Kf8 19.Ng5 {#r} 1-0

[Event "Ch Commonwealth"]
[Site "masterchessopen.com Delhi (India)"]
[Date "2010.05.12"]
[Round "4"]
[White "Paciencia Enrique (SIN)"]
[Black "Lokesh P (IND)"]
[Result "1-0"]
[WhiteElo "2410"]
[BlackElo "2176"]

1.d4 Nf6 2.c4 g6 3.Nf3 Bg7 4.Nc3 O-O 5.g3 d6 6.Bg2 Nbd7 7.O-O e5 8.e4 c6 9.h3
Re8 10.d5 cxd5 11.cxd5 Nc5 12.Nd2 a5 13.Qc2 b5 14.Nxb5 Ba6 15.a4 Rb8 16.b3
Bxb5 17.axb5 Rxb5 18.Ba3 Nfd7 19.Rfb1 Qc7 20.Bf1 Rb7 21.Nc4 Ra8 22.Bc1 a4
23.b4 Na6 24.Qxa4 Rba7 25.Qd1 Qb8 26.Bd2 Nc7 27.Na5 Qe8 28.Be3 {#r} 1-0

[Event "It (open)"]
[Site "masterchessopen.com Calgary (Canada)"]
[Date "2010.05.23"]
[Round "6"]
[White "Haessel Dale R (CAN)"]
[Black "Day Lawrence A (CAN)"]
[Result "1-0"]
[WhiteElo "2208"]
[BlackElo "2251"]

1.d4 d6 2.c4 Nd7 3.Nc3 e5 4.e4 g6 5.Nf3 Bg7 6.g3 c6 7.Bg2 Ngf6 8.O-O O-O 9.h3
Qb6 10.Re1 Re8 11.b3 exd4 12.Na4 Qd8 13.Nxd4 d5 14.cxd5 cxd5 15.exd5 Rxe1+
16.Qxe1 Nxd5 17.Bb2 N7f6 18.Rd1 Bf8 19.Ne2 Qe8 20.Bxd5 Nxd5 21.Rxd5 Bxh3
22.Qc3 {#r} 1-0

[Event "It (open)"]
[Site "masterchessopen.com Eforie Nord (Romania)"]
[Date "2010.06.27"]
[Round "11"]
[White "Cosma Ioan (ROM)"]
[Black "Taras Dan (ROM)"]
[Result "1-0"]
[WhiteElo "2422"]
[BlackElo "2284"]

1.d4 Nf6 2.Nf3 g6 3.c4 Bg7 4.g3 O-O 5.Bg2 d6 6.O-O Nbd7 7.Nc3 c6 8.e4 e5 9.h3
Qb6 10.c5 dxc5 11.dxe5 Ne8 12.e6 fxe6 13.Ng5 Ne5 14.f4 c4+ 15.Kh2 Nd3 16.e5
Nxb2 17.Qc2 Nd3 18.Ba3 Rf5 19.Nce4 Qa6 20.Nd6 Rxg5 21.fxg5 Nxe5 22.Nxe8 Qxa3
23.Nxg7 Qe7 24.Rad1 Bd7 25.Qb2 Qxg7 26.Qxb7 Rc8 27.Qxa7 c3 28.Rf6 Qe7 29.Qd4
Qa3 30.Qxe5 c2 31.Rxd7 {#r} 1-0

[Event "Memorial Karl Mala (open)"]
[Site "masterchessopen.com Frankfurt (Germany)"]
[Date "2010.07.10"]
[Round "4"]
[White "Stockmann Michael (GER)"]
[Black "Will Patrick (GER)"]
[Result "1-0"]
[WhiteElo "2248"]
[BlackElo "1962"]

1.d4 Nf6 2.c4 g6 3.g3 Bg7 4.Bg2 O-O 5.Nc3 d6 6.Nf3 Nbd7 7.O-O e5 8.h3 c6 9.e4
Qb6 10.b3 exd4 11.Na4 Qc7 12.Nxd4 Re8 13.Re1 a6 14.Nc3 c5 15.Nc2 Ne5 16.g4 Nc6
17.Bb2 g5 18.Qd2 h6 19.Rad1 Rd8 20.Ne3 Qe7 21.Qc1 Ne5 22.Ne2 Ng6 23.Ng3 Nh4
24.Qa1 Ne8 25.Bxg7 Nxg7 26.Nd5 Qf8 27.Qf6 Ne6 28.Nh5 Ng6 29.Rf1 Kh7 30.Bh1
{#r} 1-0

[Event "Ch Portugal (team) (1 div) (final)"]
[Site "masterchessopen.com Vila Nova de Gaia (Portugal)"]
[Date "2010.07.24"]
[Round "1"]
[White "Pereira Ricardo Joao Correia (POR)"]
[Black "Frois Antonio (POR)"]
[Result "0-1"]
[WhiteElo "1954"]
[BlackElo "2353"]

1.d4 Nf6 2.Nf3 g6 3.c4 Bg7 4.Nc3 O-O 5.g3 d6 6.Bg2 c6 7.O-O Nbd7 8.e4 e5 9.h3
Re8 10.Be3 exd4 11.Nxd4 Nc5 12.Qc2 Qe7 13.f3 d5 14.cxd5 cxd5 15.Rae1 dxe4
16.fxe4 Bd7 17.Nd5 Nxd5 18.exd5 Qxe3+ 19.Rxe3 Bxd4 20.Kh1 Bxe3 21.g4 Rac8
22.Qd1 Bb5 {#R} 0-1

[Event "It (open) (juniors) (under 18)"]
[Site "masterchessopen.com Bento Goncalves (Brazil)"]
[Date "2010.08.05"]
[Round "6"]
[White "Terry Lujan Renato"]
[Black "Fuenzalida Soto Eridan (CHI)"]
[Result "1-0"]
[WhiteElo "2409"]
[BlackElo "2078"]

1.d4 Nf6 2.Nf3 g6 3.g3 Bg7 4.Bg2 O-O 5.O-O d6 6.c4 Nbd7 7.Nc3 e5 8.e4 c6 9.h3
Qa5 10.Re1 exd4 11.Nxd4 Ne5 12.Bf1 Re8 13.Be3 Be6 14.Nxe6 Rxe6 15.Kg2 a6
16.Qc2 b5 17.cxb5 axb5 18.a3 Nc4 19.Bd4 c5 20.Bxf6 Bxf6 21.a4 Bxc3 22.bxc3 Qb6
23.axb5 Rxa1 24.Rxa1 Qb7 25.Bxc4 Rxe4 26.Ra7 {#r} 1-0

[Event "Memorial V.Dvorkovich (open)"]
[Site "masterchessopen.com Taganrog (Russia)"]
[Date "2010.08.05"]
[Round "4"]
[White "Papin Vasily (RUS)"]
[Black "Petrushin Alexander I (RUS)"]
[Result "1-0"]
[WhiteElo "2534"]
[BlackElo "2465"]

1.d4 Nf6 2.c4 g6 3.Nc3 Bg7 4.Nf3 O-O 5.g3 d6 6.Bg2 Nbd7 7.O-O e5 8.h3 c6 9.e4
Qb6 10.Re1 exd4 11.Nxd4 Re8 12.Re2 Qb4 13.Rc2 a5 14.Bd2 Qb6 15.Be3 Qc7 16.Rd2
Nc5 17.f3 a4 18.Rb1 Qa5 19.Nde2 Qb4 20.Rxd6 Nfd7 21.f4 Bf8 22.Rd2 Qxc4 23.b3
axb3 24.axb3 Qe6 25.b4 Nxe4 26.Nxe4 f5 27.Nd4 Qe7 28.Nf2 Qxe3 29.Re2 Qxg3
30.Rxe8 Nf6 31.Ne2 {#r} 1-0

[Event "It \"]
[Site "masterchessopen.com Uxbridge (England)"]
[Date "2010.08.15"]
[Round "8"]
[White "Peat Matthew (ENG)"]
[Black "Kirby Peter J (ENG)"]
[Result "1-0"]
[WhiteElo "2059"]
[BlackElo "2031"]

1.d4 Nf6 2.c4 g6 3.g3 Bg7 4.Bg2 d6 5.Nc3 O-O 6.Nf3 Nbd7 7.O-O e5 8.e4 c6 9.h3
Qa5 10.Be3 Re8 11.d5 c5 12.Qe2 a6 13.a3 b5 14.b4 cxb4 15.axb4 Qxb4 16.Nxb5
axb5 17.Rxa8 bxc4 18.Nd2 c3 19.Rb1 c2 20.Rxb4 c1=Q+ 21.Kh2 Nc5 22.Rbb8 Bd7
23.Nc4 Qc3 24.Nxd6 {#r} 1-0

[Event "It (open)"]
[Site "masterchessopen.com Rychnov (Czech Republic)"]
[Date "2010.08.23"]
[Round "1"]
[White "Snorek Milan (CZE)"]
[Black "Splitek Lubos (CZE)"]
[Result "1-0"]
[WhiteElo "2143"]
[BlackElo "1801"]

1.d4 Nf6 2.Nf3 g6 3.c4 Bg7 4.Nc3 d6 5.g3 O-O 6.Bg2 c6 7.O-O Nbd7 8.h3 e5 9.e4
exd4 10.Nxd4 Re8 11.Re1 a5 12.Be3 Qc7 13.Qc2 b6 14.Rad1 Bb7 15.Rd2 Rad8
16.Red1 Nc5 17.Nb3 Rd7 18.Bf4 Red8 19.Nxc5 bxc5 20.Na4 Nh5 21.Bg5 f6 22.Be3
Bf8 23.h4 Ng7 24.Bh3 f5 25.exf5 gxf5 26.Bf4 Bc8 27.Nxc5 Rf7 28.Na4 Ne6 29.Be3
{#r} 1-0

[Event "It (open)"]
[Site "masterchessopen.com Munich (Germany)"]
[Date "2010.09.25"]
[Round "1"]
[White "Jorczik Julian (GER)"]
[Black "Seifert Werner (GER)"]
[Result "1-0"]
[WhiteElo "2398"]
[BlackElo "2030"]

1.d4 Nf6 2.c4 g6 3.Nc3 Bg7 4.Nf3 O-O 5.g3 d6 6.Bg2 Nbd7 7.O-O e5 8.e4 c6 9.h3
Re8 10.Be3 exd4 11.Nxd4 Nc5 12.Qc2 a5 13.Rad1 Qe7 14.Rfe1 Nfd7 15.f4 a4 16.Bf2
Nb6 17.b3 axb3 18.axb3 Qc7 19.Ndb5 cxb5 20.Nxb5 Qe7 21.Nxd6 Nbd7 22.Nxe8 Qxe8
23.b4 Ne6 24.c5 Qe7 25.Rd6 Nf6 26.e5 Ne8 27.Rb6 Nf8 28.c6 bxc6 29.Qxc6 Nc7
30.Qd6 {#r} 1-0

[Event "Memorial Oliver Gonzalez (open)"]
[Site "masterchessopen.com Madrid (Spain)"]
[Date "2010.10.15"]
[Round "7"]
[White "Garcia Cuenca Victor (ESP)"]
[Black "Roa Alonso Santiago (ESP)"]
[Result "1-0"]
[WhiteElo "2313"]
[BlackElo "2454"]

1.d4 Nf6 2.c4 g6 3.Nf3 Bg7 4.g3 O-O 5.Bg2 d6 6.O-O Nbd7 7.Nc3 e5 8.e4 c6 9.h3
Qb6 10.c5 dxc5 11.dxe5 Ne8 12.e6 fxe6 13.Ng5 Ne5 14.f4 Nf7 15.Nxf7 Bd4+ 16.Kh2
Rxf7 17.e5 Bd7 18.Ne4 Rd8 19.a4 Bc8 20.Qe2 Qc7 21.h4 Ng7 22.Ra3 Qe7 23.Ng5
Rff8 24.g4 Bd7 25.Be4 Be8 26.Rh3 h6 27.Kg2 hxg5 28.hxg5 Nf5 29.Rfh1 Qg7
30.gxf5 gxf5 31.Bf3 {#r} 1-0

[Event "Ch Europe (active)"]
[Site "masterchessopen.com Warsaw (Poland)"]
[Date "2010.12.18"]
[Round "8"]
[White "Dziuba Marcin (POL)"]
[Black "Mickiewicz Piotr (POL)"]
[Result "0-1"]
[WhiteElo "2579"]
[BlackElo "2332"]

1.d4 Nf6 2.c4 g6 3.g3 Bg7 4.Bg2 O-O 5.Nf3 d6 6.O-O Nbd7 7.Nc3 e5 8.e4 c6 9.h3
a5 10.Be3 a4 11.Qc2 Qa5 12.Rab1 exd4 13.Nxd4 Re8 14.b4 axb3 15.axb3 Qa3
16.Rfd1 Nc5 17.b4 Ne6 18.Rb3 Qa6 19.Bf1 Nxd4 20.Bxd4 Be6 21.Nd5 Bxd5 22.cxd5
Qa2 23.Rb2 Qa4 24.dxc6 bxc6 25.f3 Rec8 26.Qc3 Qxd1 27.Bxf6 Bxf6 28.Qxf6 Qa1
29.Qc3 Ra3 {#R} 0-1

[Event "Ch Greece (juniors) (under 18/20)"]
[Site "masterchessopen.com Peristeri (Greece)"]
[Date "2011.01.04"]
[Round "3"]
[White "Kalogiannidis Ioannis (GRE)"]
[Black "Kanakaris G (GRE)"]
[Result "0-1"]
[WhiteElo "2026"]
[BlackElo "2259"]

1.d4 Nf6 2.c4 g6 3.Nf3 Bg7 4.Nc3 O-O 5.g3 d6 6.Bg2 Nbd7 7.O-O e5 8.e4 c6 9.h3
Qa5 10.Rb1 exd4 11.Nxd4 Ne5 12.b4 Qb6 13.Na4 Qc7 14.Qe2 Re8 15.Bb2 a6 16.f4
Ned7 17.c5 Nxe4 18.Bxe4 d5 19.Qf2 Rxe4 20.f5 Ne5 21.fxg6 hxg6 22.Nb6 Rb8
23.Rbe1 Nd3 24.Rxe4 dxe4 {#R} 0-1

[Event "It (open)"]
[Site "masterchessopen.com Cento (Italy)"]
[Date "2011.02.06"]
[Round "2"]
[White "De Andres Gonalons Fernando (ESP)"]
[Black "Proietti Tosca (ITA)"]
[Result "1-0"]
[WhiteElo "2137"]
[BlackElo "1830"]

1.d4 Nf6 2.c4 g6 3.g3 Bg7 4.Bg2 O-O 5.Nf3 d6 6.O-O Nbd7 7.Nc3 e5 8.e4 c6 9.h3
Qb6 10.Re1 exd4 11.Nxd4 Ng4 12.Nce2 Nge5 13.b3 Nc5 14.Be3 Ned3 15.Rf1 Qc7
16.Rb1 a5 17.a3 Ne5 18.f4 Ned7 19.Qc2 Re8 20.Bf2 Nf6 21.Nc3 Nh5 22.Nf3 Nxe4
23.Nxe4 Bf5 24.Nh4 Bd7 25.Rbd1 Re6 26.f5 gxf5 27.Nxf5 Be5 28.Ng5 {#r} 1-0

[Event "Zt"]
[Site "masterchessopen.com Tipaza (Algeria)"]
[Date "2011.05.25"]
[Round "6"]
[White "Belouadah Saad (ALG)"]
[Black "Hifad Rachid (MAR)"]
[Result "1-0"]
[WhiteElo "2287"]
[BlackElo "2262"]

1.Nf3 Nf6 2.g3 g6 3.Bg2 Bg7 4.O-O O-O 5.c4 d6 6.Nc3 e5 7.d4 Nbd7 8.e4 c6 9.h3
exd4 10.Nxd4 Qb6 11.Na4 Qa6 12.b3 Re8 13.Re1 Nc5 14.Nc3 Qb6 15.Be3 Nfd7 16.Qc2
a5 17.Rab1 Qb4 18.a3 Qb6 19.b4 axb4 20.axb4 Nxe4 21.Nxe4 {#r} 1-0

[Event "Ch FEFB (Elite)"]
[Site "masterchessopen.com Brussels (Belgium)"]
[Date "2011.06.01"]
[Round "1"]
[White "Hautot Stephane (BEL)"]
[Black "Wettach Michel (BEL)"]
[Result "1-0"]
[WhiteElo "2405"]
[BlackElo "2106"]

1.d4 Nf6 2.c4 g6 3.Nc3 Bg7 4.g3 O-O 5.Bg2 d6 6.Nf3 c6 7.O-O Nbd7 8.e4 e5 9.h3
Re8 10.Re1 Qc7 11.Be3 h6 12.Qd2 Kh7 13.Rad1 exd4 14.Bxd4 Ne5 15.Qe2 Be6 16.c5
Nxf3+ 17.Qxf3 Nd7 18.cxd6 Qa5 19.Bxg7 Kxg7 20.Qe3 Qh5 21.Ne2 Qe5 22.Rd2 Qa5
23.Qc3+ Qxc3 24.Nxc3 Ne5 25.Rdd1 Rad8 26.b3 g5 27.f4 {#r} 1-0

[Event "It (open) (seniors)"]
[Site "masterchessopen.com Stockholm (Sweden)"]
[Date "2011.06.02"]
[Round "3"]
[White "Blechzin Igor (RUS)"]
[Black "Kristiansen Erling (NOR)"]
[Result "1-0"]
[WhiteElo "2442"]
[BlackElo "2220"]

1.d4 Nf6 2.c4 g6 3.Nf3 Bg7 4.g3 O-O 5.Bg2 d6 6.O-O Nbd7 7.Nc3 c6 8.e4 e5 9.h3
Re8 10.Be3 exd4 11.Nxd4 Nc5 12.Qc2 a5 13.Rad1 Qc7 14.Ndb5 cxb5 15.Nxb5 Qe7
16.Nxd6 Na6 17.Nxe8 Nxe8 18.Qd2 Be6 19.b3 Nb4 20.f4 Nc6 21.Qf2 a4 22.g4 axb3
23.axb3 f6 24.Bc5 Qc7 25.Rd2 g5 26.e5 gxf4 27.exf6 Nxf6 28.Rd6 Re8 29.Qxf4 Bf8
30.Qg5+ {#r} 1-0

[Event "It (open)"]
[Site "masterchessopen.com Teplice (Czech Republic)"]
[Date "2011.06.12"]
[Round "2"]
[White "Cernousek Lukas (CZE)"]
[Black "Friml Antonin (CZE)"]
[Result "1-0"]
[WhiteElo "2438"]
[BlackElo "2126"]

1.d4 Nf6 2.c4 g6 3.g3 Bg7 4.Bg2 d6 5.Nf3 O-O 6.O-O Nbd7 7.Nc3 c6 8.e4 e5 9.h3
Re8 10.Be3 exd4 11.Nxd4 Nc5 12.Qc2 Qc7 13.Rad1 a5 14.Ndb5 cxb5 15.Nxb5 Qe7
16.Nxd6 Na6 17.Nxe8 Nxe8 18.f4 Bd7 19.Rd2 Bc6 20.Rfd1 Bf8 21.Bf2 Nec7 22.e5
Bxg2 23.Kxg2 Qe6 24.Qe4 b6 25.b3 Bc5 26.Qf3 Rb8 27.Bxc5 bxc5 28.Rd6 Qe8 29.Qc6
Qc8 30.g4 Nb4 31.Rd8+ {#r} 1-0

[Event "It (open)"]
[Site "masterchessopen.com Teplice (Czech Republic)"]
[Date "2011.06.16"]
[Round "6"]
[White "Grabarczyk Miroslaw (POL)"]
[Black "Hadraba Vladimir (CZE)"]
[Result "1-0"]
[WhiteElo "2460"]
[BlackElo "2225"]

1.d4 Nf6 2.c4 g6 3.Nf3 Bg7 4.g3 O-O 5.Bg2 d6 6.Nc3 c6 7.O-O Nbd7 8.e4 e5 9.h3
Re8 10.d5 cxd5 11.cxd5 Nc5 12.Re1 a5 13.Bf1 Bd7 14.Nd2 a4 15.Nc4 Qc7 16.Na3
Qb6 17.Rb1 Nh5 18.Be3 f5 19.exf5 Bxf5 20.Nc4 Qd8 21.Rc1 Nf6 22.Nb5 Nfe4 23.g4
Qh4 24.Ncxd6 Bh6 25.Bxc5 Bxc1 26.Nxe4 Bxe4 27.Qxc1 {#r} 1-0

[Event "Ch Turkey (team)"]
[Site "masterchessopen.com Konya (Turkey)"]
[Date "2011.07.06"]
[Round "10"]
[White "Firat Deniz (TUR)"]
[Black "Menzi N"]
[Result "0-1"]
[WhiteElo "1644"]
[BlackElo "1868"]

1.d4 Nf6 2.c4 g6 3.Nf3 Bg7 4.g3 O-O 5.Bg2 d6 6.O-O Nbd7 7.Nc3 e5 8.e4 c6 9.h3
Re8 10.Be3 a6 11.a4 Rb8 12.a5 Qc7 13.Qc2 b5 14.cxb5 cxb5 15.Rfc1 b4 16.Nd5
Qxc2 17.Rxc2 Nxe4 18.Nxe5 dxe5 19.Bxe4 exd4 20.Bf4 Be5 21.Bxe5 Rxe5 22.Bg2 Bb7
23.Nxb4 Bxg2 24.Nxa6 Ra8 25.Nc7 Be4 26.Rd2 Raxa5 27.Re1 Bf3 28.Rc1 Rec5 {#R}
0-1

[Event "Ch Pan-American (juniors) (under 18) (g)"]
[Site "masterchessopen.com Cali (Colombia)"]
[Date "2011.07.07"]
[Round "8"]
[White "Cori T Deysi (PER)"]
[Black "Matute Loja Belen"]
[Result "1-0"]
[WhiteElo "2416"]
[BlackElo "1946"]

1.d4 Nf6 2.c4 d6 3.Nf3 Nbd7 4.Nc3 e5 5.g3 g6 6.Bg2 Bg7 7.O-O O-O 8.h3 c6 9.e4
a6 10.Re1 Re8 11.b3 b5 12.Bb2 Bb7 13.cxb5 axb5 14.a3 Qb6 15.Rc1 Re7 16.d5 c5
17.Qe2 Ba6 18.b4 Rc8 19.Na2 Qb7 20.Rb1 Nb6 21.bxc5 Rxc5 22.Nb4 Nc4 23.Bf1 Rec7
24.Nd2 Qa8 25.Nb3 {#r} 1-0

[Event "It (open)"]
[Site "masterchessopen.com Bad Godesberg (Germany)"]
[Date "2011.07.24"]
[Round "2"]
[White "Helbig Mark (GER)"]
[Black "Goede Heiko (GER)"]
[Result "1-0"]
[WhiteElo "2327"]
[BlackElo "1938"]

1.d4 Nf6 2.Nf3 g6 3.c4 Bg7 4.g3 O-O 5.Bg2 d6 6.O-O Nbd7 7.Nc3 c6 8.e4 e5 9.h3
Re8 10.Re1 a6 11.Be3 b5 12.cxb5 axb5 13.a3 Bb7 14.Rc1 Qa5 15.dxe5 dxe5 16.Nd2
Rad8 17.Qc2 c5 18.Nb3 Qb6 19.Nxc5 Nxc5 20.b4 Bf8 21.bxc5 Bxc5 22.Nd5 Nxd5
23.Bxc5 Qxc5 24.Qxc5 {#r} 1-0

[Event "It (open) \"]
[Site "masterchessopen.com Medellin (Colombia)"]
[Date "2011.08.07"]
[Round "7"]
[White "Diaz Arboleda Daniel (COL)"]
[Black "Cano Luis Fernando (COL)"]
[Result "1-0"]
[WhiteElo "2136"]
[BlackElo "2210"]

1.d4 Nf6 2.c4 g6 3.Nc3 Bg7 4.e4 d6 5.Nf3 O-O 6.g3 c6 7.Bg2 Nbd7 8.O-O e5 9.h3
Qb6 10.c5 dxc5 11.dxe5 Ne8 12.e6 fxe6 13.Ng5 Ne5 14.f4 c4+ 15.Kh2 Nd3 16.e5
Nc7 17.Qe2 Nd5 18.Nce4 Bd7 19.Nd6 Qa6 20.Be4 Nxc1 21.Rfxc1 b5 22.Nxh7 Qb6
23.Nxf8 Rxf8 24.Rf1 Ne3 25.Rf3 Nf5 26.Bxf5 gxf5 27.Rg1 c5 28.g4 Be8 29.gxf5
{#r} 1-0

[Event "Ch Europe (juniors) (under 18)"]
[Site "masterchessopen.com Albena (Bulgaria)"]
[Date "2011.09.15"]
[Round "5"]
[White "Obrusnik Michal (POL)"]
[Black "Pavlidis Antonios (GRE)"]
[Result "0-1"]
[WhiteElo "2255"]
[BlackElo "2420"]

1.d4 Nf6 2.c4 g6 3.g3 Bg7 4.Bg2 O-O 5.Nf3 d6 6.Nc3 Nbd7 7.O-O e5 8.e4 c6 9.h3
Qa5 10.Re1 exd4 11.Nxd4 Re8 12.Be3 Ne5 13.Bf1 c5 14.Nb3 Qb4 15.a3 Qb6 16.Nd2
Qd8 17.Qc2 Nc6 18.Nf3 Nd7 19.Red1 Nde5 20.Nxe5 Nxe5 21.Bxc5 Nf3+ 22.Kh1 Qg5
23.Bxd6 Qh5 24.Ne2 g5 25.Ng1 Nxg1 26.Kxg1 Bxh3 27.Rd5 Re6 28.Bf4 Bxf1 29.Rxg5
Qe2 30.Qc3 Rg6 {#R} 0-1

[Event "Cup Mayors (open)"]
[Site "masterchessopen.com Mumbai (India)"]
[Date "2011.09.17"]
[Round "3"]
[White "Kunte Abhijit (IND)"]
[Black "Rajesh V A V (IND)"]
[Result "1-0"]
[WhiteElo "2528"]
[BlackElo "2292"]

1.d4 Nf6 2.c4 g6 3.g3 Bg7 4.Bg2 O-O 5.Nf3 d6 6.O-O Nbd7 7.Nc3 e5 8.e4 c6 9.h3
Qb6 10.c5 dxc5 11.dxe5 Ne8 12.e6 fxe6 13.Ng5 Ne5 14.f4 Nf7 15.Nxf7 Bd4+ 16.Kh2
Rxf7 17.e5 Nc7 18.Ne4 Nd5 19.Qg4 Qd8 20.h4 Rg7 21.Rd1 a5 22.a4 b6 23.Ra3 Qe7
24.Ng5 Nb4 25.Be4 Ra7 26.h5 gxh5 27.Qxh5 Rd7 28.Kg2 Rd8 29.Rh1 Nd5 30.Bxh7+
Kf8 31.Bg6 {#r} 1-0

[Event "Ch World (juniors) (under 18) (g)"]
[Site "masterchessopen.com Caldas Novas (Brazil)"]
[Date "2011.11.19"]
[Round "2"]
[White "Kazimova Narmin (AZE)"]
[Black "Bayar Anu"]
[Result "1-0"]
[WhiteElo "2241"]
[BlackElo "2050"]

1.Nf3 Nf6 2.c4 g6 3.d4 Bg7 4.g3 d6 5.Bg2 O-O 6.O-O Nbd7 7.Nc3 e5 8.e4 c6 9.h3
exd4 10.Nxd4 Re8 11.Re1 a5 12.Bf4 Ne5 13.b3 Nfd7 14.Rc1 Nc5 15.Bf1 Ned3
16.Bxd3 Bxd4 17.Bf1 Qf6 18.Qd2 Be6 19.Be2 Na6 {#r} 1-0

[Event "Ch World (juniors) (under 18)"]
[Site "masterchessopen.com Caldas Novas (Brazil)"]
[Date "2011.11.23"]
[Round "6"]
[White "Latorre Matias (PAR)"]
[Black "Oliveira Henrique (POR)"]
[Result "1-0"]
[WhiteElo "2270"]
[BlackElo "2057"]

1.Nf3 Nf6 2.g3 g6 3.Bg2 Bg7 4.c4 O-O 5.O-O c6 6.d4 d6 7.Nc3 Nbd7 8.e4 e5 9.h3
a5 10.Be3 Re8 11.Re1 Qe7 12.Qc2 exd4 13.Nxd4 Nc5 14.Rad1 Bd7 15.Bf4 Na6 16.Nf3
Qe6 17.Bxd6 h6 18.e5 Nh7 19.Nd4 Qxc4 20.Bf1 Nb4 21.Qb1 {#r} 1-0

[Event "Tournament (team) \"]
[Site "masterchessopen.com Las Palmas (Spain)"]
[Date "2011.12.10"]
[Round "3"]
[White "Angel Acosta Juan Carlos (ESP)"]
[Black "Cerpa Deniz Jose Manuel (ESP)"]
[Result "1-0"]
[WhiteElo "2208"]
[BlackElo "2085"]

1.d4 Nf6 2.Nf3 g6 3.g3 Bg7 4.Bg2 O-O 5.O-O d6 6.c4 Nbd7 7.Nc3 c6 8.e4 e5 9.h3
Re8 10.Be3 Qe7 11.Re1 a6 12.Qc2 b5 13.d5 cxd5 14.cxd5 Bb7 15.b4 Rec8 16.Nd2
Rab8 17.Qd3 Ba8 18.a4 a5 19.Nxb5 axb4 20.Rec1 Nc5 21.Qb1 Bb7 22.Nc4 Ne8
23.Ncxd6 Nxd6 24.Bxc5 Rxc5 25.Rxc5 f5 26.Nxd6 Qxd6 27.Rb5 Bf8 28.exf5 {#r} 1-0

[Event "Cup North-West (cat.5)"]
[Site "masterchessopen.com St. Petersburg (Russia)"]
[Date "2011.12.10"]
[Round "6"]
[White "Dokutchaev A (RUS)"]
[Black "Kudryashov Sergei (RUS)"]
[Result "1-0"]
[WhiteElo "2436"]
[BlackElo "2265"]

1.d4 Nf6 2.Nf3 g6 3.c4 Bg7 4.g3 O-O 5.Bg2 d6 6.O-O Nbd7 7.Nc3 e5 8.e4 c6 9.h3
Qb6 10.c5 dxc5 11.dxe5 Ne8 12.Na4 Qa6 13.Qc2 c4 14.Be3 b6 15.Nd2 Nxe5 16.f4
Nd3 17.Nxc4 Nb4 18.Qb3 c5 19.a3 Be6 20.axb4 Bxc4 21.Nxb6 Qb5 22.Nxc4 {#r} 1-0

[Event "It (open)"]
[Site "masterchessopen.com Aschach (Austria)"]
[Date "2011.12.27"]
[Round "2"]
[White "Juhasz Kristof (HUN)"]
[Black "Erlacher Michael (AUT)"]
[Result "1-0"]
[WhiteElo "2373"]
[BlackElo "2183"]

1.Nf3 Nf6 2.c4 g6 3.d4 Bg7 4.g3 d6 5.Bg2 O-O 6.O-O Nbd7 7.Nc3 e5 8.e4 c6 9.h3
Qb6 10.Re1 exd4 11.Nxd4 Re8 12.Re2 Ng4 13.Rd2 Nge5 14.b3 Nc5 15.Rc2 a5 16.Rb1
Na6 17.Be3 Qb4 18.Na4 d5 19.exd5 cxd5 20.cxd5 Bf5 21.Nxf5 gxf5 22.Qh5 f4
23.gxf4 Nd7 24.Qf5 Qd6 25.Rbc1 Rad8 26.Nc3 Nf6 27.Nb5 Qd7 28.Qxd7 Rxd7 29.Nc7
{#r} 1-0